Guess the missing member of the group - Statistics

General Stats
  • This quiz has been taken 62 times
    58 since last reset
  • The average score is 23 of 52
Answer Stats
Answer % Correct
1 v Jennie
94%
1 v Jimin
88%
1 v Giselle
83%
1 v Megan
77%
1 v Wonyoung
77%
1 v Chaewon
75%
1 v Yuqi
75%
1 v Wendy
73%
1 v Haerin
71%
1 v Beomgyu
69%
1 v Felix
69%
1 v Sunoo
69%
1 v Keeho
65%
1 v Chaeyoung
63%
1 v Rami
63%
1 v Sullyoon
62%
1 v Ryujin
60%
1 v Yunah
56%
1 v Haneul
52%
1 v Youngseo
52%
1 v Wumuti
50%
1 v Seonghwa
48%
1 v Shotaro
46%
1 v Dino
44%
1 v Gawon
42%
1 v Taesan
42%
1 v Chenle
40%
1 v Taeyong
40%
1 v Yoon
40%
1 v Kun
38%
1 v Tsuki
38%
1 v Chanyeol
37%
1 v Riku
37%
1 v Taerae
37%
1 v A-na
35%
1 v Dayeon
33%
1 v Chanelle
29%
1 v Dohoon
29%
1 v Gehlee
29%
1 v Jacob
29%
1 v Asahi
25%
1 v Haum
21%
1 v Hunter
21%
1 v Yerin
19%
1 v Saebi
17%
1 v Seoyeon
15%
1 v Donghyeon
13%
1 v JL
13%
1 v Wonjin
13%
1 v Kenshin
12%
1 v Inseong
6%
1 v Minkyun
4%
No matching quizzes found
Score Distribution
Percent of People with Each Score
Percentile by Number Answered
Your Score History
You have not taken this quiz since the last reset